| 000 | 00707nam a2200241 a 4500 | ||
|---|---|---|---|
| 008 | |||
| 020 | _a1779050852 (pbk.) | ||
| 049 | _aMAIN | ||
| 090 |
_aLB1025.3 _bSIY |
||
| 100 | _aSiyakwazi, Ben John | ||
| 245 | 0 |
_aStrategies in teaching and learning / _cB.J. Siyakwazi and P.D. Siyakwazi. |
|
| 260 |
_aHarare : _bSapes Books, _c1999. |
||
| 300 |
_a92 p. : _bill. ; _c21 cm. |
||
| 500 | _aIncludes index. | ||
| 500 | _aIncludes bibliographical references. | ||
| 650 | _aTeaching. | ||
| 700 | _aSiyakwazi, Peggy Doris | ||
| 907 |
_a.b10095020 _b13-10-14 _c24-11-03 |
||
| 003 | |||
| 005 | 20230123133655.0 | ||
| 040 | _cNUST | ||
| 942 |
_cBOOKS _kLB1025.3 _mSIY |
||
| 999 |
_c152655 _d152655 |
||